1129 1323 1702 1563 1905 1183 1722 1740 1690 1165 1032 1377 1590 1315 1133 1954 1278 1197 1505 1737 1512 1170 1670 1304 1841 1550 1453 1354 1601 1672 1477 1998 1902 1736 1954 1816 1391 1700 1896 1421 1474 1609 1899 1970 1631 1233 1267 1864 1424 1576 1071 1844 1379 1524 1547 1010 1917 1948 1582 1314 1560 1321 1778 1997 1785 1580 1966 1317 1968 1619 1786 1536 1249 1518 1402 1044 1379 1789 1551 1359 1359 1191 1364 1670 1350 1847 1919 1839 1867 1999 1187 1230 1409 1724 1806 1295 1023 1490 1995 BCNSPRNW ULIB Ver.6.0+V

เปลี่ยนเป็นภาษาไทย

Change to English
 แสดงรายละเอียดบรรณานุกรม
  กลับหน้าหลัก

Brief Record : Get Marc (ISO 2709) : E-mail record : QR code < ปิดหน้าต่าง
LEADER : 00000nam 2200000uu 4500
001    13399112559
003     ULIB
008    110824s2552||||th 000 0 tha d
020    9786115200092
090    นว.^bป535ฝ 2552
100 0  ปั้นหยา
245 00 ฝากหัวใจไว้ใกล้รัก/^cปั้นหยา
250    พิมพ์ครั้งที่ 1
260    กรุงเทพฯ :^b1168พับลิชชิ่ง,^c2552
300    282 หน้า
710 1  1168พับลิชชิ่ง
995    ทศพร
999     ^aใช้งานได้ทุกระบบ
รายการนี้ยังไม่มีแท็ก
คุณยังไม่ได้ล็อกอิน คุณสามารถมีกิจกรรมร่วมกับเว็บไซต์ได้ แต่ต้องล็อกอินก่อน ::
  ล็อกอิน

รายการสื่อสารสนเทศ

ลำดับที่ ประเภท เลขเรียก/บาร์โค้ด สถานที่ สถานะ
- ไม่พบข้อมูล -

รายการใกล้เคียง
    ผู้แต่ง [ปั้นหยา]

BibComment


ยังไม่เคยถูกคอมเมนท์

คอมเมนท์ทรัพยากรรายการนี้
  คอมเมนท์: ฝากหัวใจไว้ใกล้รั..


 Copyright 2026. Bcnsprnw @Library